Power electronics (Record no. 5352)

MARC details
000 -LEADER
fixed length control field 00631nam a2200193Ia 4500
003 - CONTROL NUMBER IDENTIFIER
control field SGT
020 ## - INTERNATIONAL STANDARD BOOK NUMBER
International Standard Book Number 9971511770
082 ## - DEWEY DECIMAL CLASSIFICATION NUMBER
Classification number 621.317
Item number MOH
100 ## - MAIN ENTRY--PERSONAL NAME
Personal name Mohan,Ned
245 ## - TITLE STATEMENT
Title Power electronics
250 ## - EDITION STATEMENT
Edition statement 2nd Ed.
260 ## - PUBLICATION, DISTRIBUTION, ETC. (IMPRINT)
Name of publisher, distributor, etc John Wiley & Sons
Place of publication, distribution, etc New York
Year of Publication 2001
300 ## - PAGE DESCRIPTION
No. of Pages 802p.
650 ## - SUBJECT ADDED ENTRY--TOPICAL TERM
Topical term or geographic name as entry element ELECTRONICS ENGINEERING
653 ## - KEYWORDS--INDEX TERM
Keyword term POWER ELECTRONIC SYSTEMS,OVERVIEW OF POWER SEMICONDUCTOR SWITCHES ,REVIEW OF BASICS ELECTRICAL AND MAGNETIC CIRCUIT CONCEPTS,COMPUTER SIMULATION OF POWER ELECTRONIC CONVERTERS,POWER SUPPLY APPLICATIONS
700 ## - ADDED ENTRY--PERSONAL NAME
Personal name Robbins,William P
700 ## - ADDED ENTRY--PERSONAL NAME
Personal name Undeland,Tore M
942 ## - ADDED ENTRY ELEMENTS (KOHA)
Source of classification or shelving scheme Dewey Decimal Classification
Koha item type Books
Holdings
Withdrawn status Lost status Source of classification or shelving scheme Damaged status Not for loan Home library Current library Date acquired SGTU Full call number Accession No. (Barcode) Date last seen Bill Date Koha item type
    Dewey Decimal Classification     SGT Engineering Library SGT Engineering Library 16/10/2011 SGTU 621.317 MOH FE4246 09/02/2015 09/02/2015 Gifted Books